书目信息 |
| 题名: |
刀具制造中的几何理论及其应用
|
|
| 作者: | 唐余勇 , 董敏 著 | |
| 分册: | ||
| 出版信息: | 哈尔滨 哈尔滨工业大学出版社 1995.07 |
|
| 页数: | 142页 | |
| 开本: | 32开 | |
| 丛书名: | ||
| 单 册: | ||
| 中图分类: | TG711 | |
| 科图分类: | ||
| 主题词: | 刀具(金属切削) | |
| 电子资源: | ||
| ISBN: | 7-5603-1092-3 | |
| 000 | 00633nam0 2200205 45 | |
| 001 | 0009121545 | |
| 005 | 20000912154139.9 | |
| 010 | @a7-5603-1092-3@d6.00元 | |
| 100 | @a20000912d1995 km y0chiy0120 ea | |
| 101 | 0 | @achi |
| 105 | @a z 000yy | |
| 200 | 1 | @a刀具制造中的几何理论及其应用@ADao Ju Zhi Zao Zhong De Ji He Li Lun Ji Qi Ying Yong@f唐余勇,董敏著@FTang Yu Yong,Dong Min Zhu |
| 210 | @a哈尔滨@c哈尔滨工业大学出版社@d1995.07 | |
| 215 | @a142页@d32开 | |
| 606 | 0 | @a刀具(金属切削) |
| 690 | @aTG711@v3 | |
| 701 | 0 | @a唐余勇@4著 |
| 701 | 0 | @a董敏@4著 |
| 801 | @aCN@bPftUser@c20000912 | |
| 905 | @b137993-997@dTG711@eT929@f5 | |
| 刀具制造中的几何理论及其应用/唐余勇,董敏著.-哈尔滨:哈尔滨工业大学出版社,1995.07 |
| 142页;32开 |
| ISBN 7-5603-1092-3:6.00元 |
| ● |
| 相关链接 |
|
|
|
正题名:刀具制造中的几何理论及其应用
索取号:TG711/T929
 
预约/预借
| 序号 | 登录号 | 条形码 | 馆藏地/架位号 | 状态 | 备注 |
| 1 | 137993 | 201379935 | 自科二线504/504自科库 40排1列5层/ [索取号:TG711/T929] | 在馆 | |
| 2 | 137994 | 201379944 | 自科二线504/504自科库 40排1列5层/ [索取号:TG711/T929] | 在馆 | |
| 3 | 137995 | 201379953 | 自科二线504/504自科库 40排1列5层/ [索取号:TG711/T929] | 在馆 | |
| 4 | 137996 | 201379962 | 自科库501/501自科库 29排1列5层/ [索取号:TG711/T929] | 在馆 | |
| 5 | 137997 | 201379971 | 自科库501/501自科库 29排1列5层/ [索取号:TG711/T929] | 在馆 |